| 000 | 00914nam2a2200241 4500 | ||
|---|---|---|---|
| 001 | rc\2872685 | ||
| 005 | 20260315051744.0 | ||
| 035 | _a(NLR Aleph) 007025953 | ||
| 090 |
_a13582880 _c13582880 |
||
| 100 | _a20110715d1929 u y0rusy50 ca | ||
| 101 | 0 | _arus | |
| 102 | _aRU | ||
| 105 | _ay z ||||| | ||
| 200 | 1 | _aЛегочный туберкулез и ошибки, связанные с его диагностикой | |
| 210 | _d1929 | ||
| 461 | 0 |
_1001rc\2872678 _12001#$a"Вопросы туберкулеза", библиотека$eВып. 1-$vN 7 _95955304 _c[Москва] _d1928-1930 _nизд-во Наркомздрава РСФСР _oВып. 1- _t"Вопросы туберкулеза", библиотека _vN 7 |
|
| 700 | 1 |
_aНиколь _bК. |
|
| 701 | 1 |
_aШредер _bГ. |
|
| 801 | 0 |
_aRU _bNLR _gpsbo |
|
| 801 | 1 |
_aRU _bELAR _2rusmarc |
|
| 852 |
_aNLR _j46/117 |
||
| 942 | _cUNSPEC | ||
| 980 | _aNB | ||